书目信息 |
| 题名: |
车载无线网络与防碰撞技术
|
|
| 作者: | 娜迦 | |
| 分册: | ||
| 出版信息: | 北京 化学工业出版社 2016.07 |
|
| 页数: | 226页 | |
| 开本: | 20cm | |
| 丛书名: | ||
| 单 册: | ||
| 中图分类: | U462 | |
| 科图分类: | ||
| 主题词: | 汽车工程 | |
| 电子资源: | ||
| ISBN: | 7-122-27069-6 | |
| 000 | 00627nam0 2200205 450 | |
| 001 | 2917 | |
| 005 | 20161207092341.15 | |
| 010 | @a7-122-27069-6@dCNY88.00 | |
| 100 | @a20150811d2016 km y0chiy0120 ea | |
| 101 | 0 | @achi |
| 102 | @aCN@b110000 | |
| 200 | 1 | @a车载无线网络与防碰撞技术@Ache zai wu xian wang luo yu fang peng zhuang ji shu@f娜迦@Fna jia |
| 210 | @a北京@c化学工业出版社@d2016.07 | |
| 215 | @a226页@d20cm | |
| 330 | @a汽车·无线电通信·通信技术·应用·汽车·碰撞 | |
| 606 | 0 | @a汽车工程 |
| 690 | @aU462@v4 | |
| 701 | 0 | @a娜迦@Ana jia |
| 801 | 0 | @aCN@b大连网信软件有限公司图书馆·11@c20161207 |
| 905 | @aZUCC@dU462@e347 | |
| 车载无线网络与防碰撞技术/娜迦.-北京:化学工业出版社,2016.07 |
| 226页;20cm |
| ISBN 7-122-27069-6:CNY88.00 |
| 汽车·无线电通信·通信技术·应用·汽车·碰撞 |
| ● |
| 相关链接 |
|
|
|
|
正题名:车载无线网络与防碰撞技术
索取号:U462/347
 
预约/预借
| 序号 | 登录号 | 条形码 | 馆藏地/架位号 | 状态 | 备注 |
| 1 | 911544 | 209115447 | 第二样本阅览室/ [索取号:U462/347] | 在馆 | |
| 2 | 911545 | 209115456 | 第三借阅区/ [索取号:U462/347] | 在馆 | |
| 3 | 911546 | 209115465 | 第三借阅区/ [索取号:U462/347] | 在馆 | |
| 4 | 911547 | 209115474 | 第三借阅区/ [索取号:U462/347] | 在馆 | |
| 5 | 911548 | 209115483 | 第三借阅区/ [索取号:U462/347] | 在馆 |